Welke plaatsen - Sudden Death - liggen in de provincie Friesland - Statistieken

Algemene statistieken
  • Deze quiz is 85 keer genomen
    28 sinds de laatste reset
  • De gemiddelde score is 17 van 23
Answers on the Grid
Answers color-coded by a green-red scale on the quiz's grid according to % correct below.
Leek
Drachten
Leeuwarden
Sneek
Heerenveen
Joure
Harlingen
Kortgene
Roggel
Reuver
Franeker
Dokkum
Wolvega
Borger
Lemmer
Heeg
Workum
Sloten
Gorredijk
Berlikum
Holwerd
Makkum
Stavoren
Stampersgat
Hindelopen
Damwald
Kollum
Buitenpost
Avenhorn
Stiens
 
Antwoordstatistieken
Antwoord % Correct
Heerenveen
100%
Drachten
95%
Harlingen
95%
Joure
95%
Leeuwarden
95%
Sneek
95%
Dokkum
91%
Franeker
91%
Lemmer
86%
Wolvega
82%
Hindelopen
77%
Holwerd
73%
Stavoren
73%
Makkum
68%
Workum
68%
Sloten
59%
Stiens
59%
Heeg
55%
Buitenpost
50%
Kollum
50%
Gorredijk
45%
Berlikum
41%
Damwald
41%
Geen overeenkomende quizzen gevonden
Scoreverdeling
Procent van Mensen met Elke Score
Percentiel versus Aantal Correcte Antwoorden
Uw Scoregeschiedenis
U heeft deze quiz nog niet genomen sinds de laatste reset